Internal sorting methods : illustrated with PL/1 programs /

Guardado en:
Autor Principal: Rich, Robert P., 1919-
Formato: Libro
Idioma:English
Publicado: Englewood Cliffs, N.J. : Prentice-Hall, c1972.
Series:Prentice-Hall series in automatic computation
Materias:
Etiquetas: Agregar Etiqueta
Sin Etiquetas, Sea el primero en etiquetar este registro!
LEADER 00661cam a22001935 4500
001 MAT.inmabb002137
008 720104s1972####nju######b####001#0#eng#d
005 20160802133855.0
245 1 0 |a Internal sorting methods :  |b illustrated with PL/1 programs /  |c Robert P. Rich. 
260 |a Englewood Cliffs, N.J. :  |b Prentice-Hall,  |c c1972. 
300 |a 154 p. ;  |c 26 cm. 
440 0 |a Prentice-Hall series in automatic computation 
504 |a Bibliografía: p. 105-150. 
020 |a 0134723570 
100 1 |a Rich, Robert P.,  |d 1919- 
084 |a 68P10  |2 msc2000 
650 0 |a PL/I (Computer program language) 
010 |a  71039111  
859 |h 68  |i R4985  |p A-3789  |b BIB. MATEMATICA